MARC details
| 000 -LEADER |
| fixed length control field |
02336cam a2200361 i 4500 |
| 001 - CONTROL NUMBER |
| control field |
17106998 |
| 003 - CONTROL NUMBER IDENTIFIER |
| control field |
EG-ScBUE |
| 005 - DATE AND TIME OF LATEST TRANSACTION |
| control field |
20240423095812.0 |
| 008 - FIXED-LENGTH DATA ELEMENTS--GENERAL INFORMATION |
| fixed length control field |
120105s2012 nyuad f b 001 0 eng d |
| 020 ## - INTERNATIONAL STANDARD BOOK NUMBER |
| International Standard Book Number |
9780230114692 (pbk. : alk. paper) |
| 040 ## - CATALOGING SOURCE |
| Original cataloging agency |
DLC |
| Language of cataloging |
eng |
| Description conventions |
rda |
| Transcribing agency |
DLC |
| Modifying agency |
DLC |
| -- |
EG-ScBUE |
| 043 ## - GEOGRAPHIC AREA CODE |
| Geographic area code |
a-ir--- |
| 082 04 - DEWEY DECIMAL CLASSIFICATION NUMBER |
| Classification number |
955.054 |
| Item number |
IRA |
| Edition number |
22 |
| 245 00 - TITLE STATEMENT |
| Title |
Iran : |
| Remainder of title |
from theocracy to the green movement / |
| Statement of responsibility, etc |
edited by Negin Nabavi. |
| 264 #1 - PUBLICATION, DISTRIBUTION, ETC. (IMPRINT) |
| Place of publication, distribution, etc |
New York : |
| Name of publisher, distributor, etc |
Palgrave Macmillan, |
| Date of publication, distribution, etc |
2012. |
| 300 ## - PHYSICAL DESCRIPTION |
| Extent |
xv, 186 pages ; |
| Other physical details |
charts, tables ; |
| Dimensions |
24 cm |
| 336 ## - CONTENT TYPE |
| Source |
rdacontent |
| Content type term |
text |
| Content type code |
txt |
| 337 ## - MEDIA TYPE |
| Media type term |
unmediated |
| Source |
rdamedia |
| Media type code |
n |
| 338 ## - CARRIER TYPE |
| Carrier type term |
volume |
| Carrier type code |
nc |
| Source |
rdacarrier |
| 504 ## - BIBLIOGRAPHY, ETC. NOTE |
| Bibliography, etc |
Includes bibliographical references and index.<br/> |
| 505 0# - FORMATTED CONTENTS NOTE |
| Formatted contents note |
Part I. Religion, Politics, and Discourse -- The Tenth Presidential Elections and their Aftermath / Farideh Farhi -- The Political Economy of the Green Movement : Contestation and Political Mobilization in Iran / Fariba Adelkhah -- From "Reform" to "Rights" : Mapping a Changing Discourse in Iran, 1997-2009 / Negin Nabavi -- The Sacred in Fragments : Shi'i Iran since the 1979 Revolution / Babak Rahimi -- Part II. National Ideology, the Economy, and the State -- Matters of Authenticity : Nationalism, Islam and Ethnic Diversity in Iran / Rasmus Christian Elling -- From "Enemies of the Revolution" to Unfulfilled Ideal : Private Industrial Entrepreneurs in the Islamic Republic of Iran / Kjetil Selvik -- Part III. Women, Youth, and Society -- The Green Movement : A struggle against Islamist Patriarchy? / Fatemeh Sadeghi -- Socio-demographic Changes in the Family and their Impact on the Socio-Political Behavior of the Youth in Post-Revolutionary Iran / Marie Ladier-Fouladi. |
| 650 #7 - SUBJECT ADDED ENTRY--TOPICAL TERM |
| Topical term or geographic name as entry element |
Social change |
| Geographic subdivision |
Iran |
| General subdivision |
History |
| Chronological subdivision |
20th century. |
| Source of heading or term |
BUEsh |
| 650 #7 - SUBJECT ADDED ENTRY--TOPICAL TERM |
| Topical term or geographic name as entry element |
Social movements |
| Geographic subdivision |
Iran |
| General subdivision |
History |
| Chronological subdivision |
20th century. |
| Source of heading or term |
BUEsh |
| 650 #7 - SUBJECT ADDED ENTRY--TOPICAL TERM |
| Topical term or geographic name as entry element |
Islam and politics |
| Geographic subdivision |
Iran |
| General subdivision |
History |
| Chronological subdivision |
20th century. |
| Source of heading or term |
BUEsh |
| 651 #7 - SUBJECT ADDED ENTRY--GEOGRAPHIC NAME |
| Geographic name |
Iran |
| General subdivision |
Politics and government |
| Chronological subdivision |
1979-1997. |
| Source of heading or term |
BUEsh |
| 9 (RLIN) |
11019 |
| 651 #7 - SUBJECT ADDED ENTRY--GEOGRAPHIC NAME |
| Geographic name |
Iran |
| General subdivision |
Politics and government |
| Chronological subdivision |
1997- |
| Source of heading or term |
BUEsh |
| 651 #7 - SUBJECT ADDED ENTRY--GEOGRAPHIC NAME |
| Geographic name |
Iran |
| General subdivision |
Social conditions |
| Chronological subdivision |
1979-1997. |
| Source of heading or term |
BUEsh |
| 9 (RLIN) |
34175 |
| 651 #7 - SUBJECT ADDED ENTRY--GEOGRAPHIC NAME |
| Geographic name |
Iran |
| General subdivision |
Social conditions |
| Chronological subdivision |
1997- |
| Source of heading or term |
BUEsh |
| 9 (RLIN) |
36238 |
| 653 ## - INDEX TERM--UNCONTROLLED |
| Resource For college |
BAEPS, Political Science |
| Arrived date list |
June2015 |
| -- |
July2015 |
| 655 ## - INDEX TERM--GENRE/FORM |
| Form subdivision |
Reading book |
| 9 (RLIN) |
34232 |
| 700 1# - ADDED ENTRY--PERSONAL NAME |
| Personal name |
Nabavi, Negin, |
| Dates associated with a name |
1965- |
| Relator term |
editor. |
| 942 ## - ADDED ENTRY ELEMENTS (KOHA) |
| Source of classification or shelving scheme |
Dewey Decimal Classification |
| Koha item type |
Book - Borrowing |